| 000 | 00696cam a2200205 4500 | ||
|---|---|---|---|
| 001 | X113122 | ||
| 008 | 000000n2001 000 0 eng u | ||
| 035 | _a(Sirsi) u113122 | ||
| 245 | _aBorn again city | ||
| 260 | _ac2001 | ||
| 490 |
_aManagement Today _vJune 2001, 58-65(5) |
||
| 520 | _aOutlines the history of the Canary Wharf project, including the reasons behind the 1992 collapse of the original developers Olympia & York and its subsequent rebirth. | ||
| 650 | _aCANARY WHARF | ||
| 650 | _aDOCKLANDS | ||
| 650 | _aLONDON DOCKLANDS | ||
| 650 | _aLONDON DOCKLANDS DEVELOPMENT CORPORATION | ||
| 650 | _aPROPERTY DEVELOPMENT | ||
| 690 | _aPROPERTY-COMMERCIAL PROPERTY | ||
| 942 | _n0 | ||
| 999 |
_c67345 _d67345 |
||